[Event "Championnat de France des Jeunes - Benja"]
[Site "TROYES"]
[Date "2010.04.15"]
[Round "6.3"]
[White "Kambrath, Yannick"]
[Black "Purenne, Benoit"]
[Result "1-0"]
[WhiteElo "1941"]
[BlackElo "1886"]
[PlyCount "107"]

1. d4 Nf6 2. c4 e6 3. Nf3 b6 4. a3 Bb7 5. Nc3 Be7 6. d5 O-O 7. e4 exd5 8. cxd5
d6 9. Bc4 Nbd7 10. O-O Re8 11. Re1 Bf8 12. b4 c6 13. Qd3 cxd5 14. Nxd5 Nxd5 15.
Bxd5 Ne5 16. Nxe5 dxe5 17. Bb2 Bxd5 18. exd5 f6 19. Rac1 Rc8 20. Qb5 Qd6 21.
Rc6 Rxc6 22. dxc6 Rc8 23. Rc1 Kh8 24. Qc4 Qd2 25. Rb1 a6 26. Ba1 b5 27. Qe4 Qd6
28. Rc1 Qd2 29. Qb1 Qd5 30. Qc2 Kg8 31. Kf1 g6 32. f4 Bh6 33. c7 Qf7 34. g3
exf4 35. Qd2 Qe7 36. gxf4 Rxc7 37. Qd5+ Kg7 38. Bxf6+ Kxf6 39. Qe5+ Qxe5 40.
fxe5+ Kxe5 41. Rxc7 Kd4 42. Rc6 Bf4 43. Kg2 Be3 44. Kf3 Bg1 45. h3 g5 46. Kg4
Be3 47. Kh5 Bd2 48. Rxa6 Kc4 49. Rf6 Kb3 50. Ra6 Bc1 51. Ra5 Kc4 52. a4 Kxb4
53. Rxb5+ Kxa4 54. Rxg5 1-0

[Event "Championnat de France des Jeunes - Benja"]
[Site "TROYES"]
[Date "2010.04.15"]
[Round "6.4"]
[White "Dupouy, Francois"]
[Black "Macon, Arthur"]
[Result "0-1"]
[WhiteElo "1813"]
[BlackElo "1949"]
[PlyCount "58"]

1. e4 c6 2. d4 d5 3. e5 Bf5 4. Nc3 e6 5. g4 Bg6 6. Nge2 f6 7. h4 fxe5 8. h5 Bf7
9. dxe5 Nd7 10. f4 Qb6 11. Nd4 O-O-O 12. Bh3 c5 13. Nf3 Be7 14. f5 Qc6 15. g5
Bxh5 16. f6 gxf6 17. gxf6 Bxf3 18. Qxf3 Nxe5 19. Qf4 Bxf6 20. Rg1 Rf8 21. Be3
Bh4+ 22. Ke2 Rxf4 23. Bxf4 Ng6 24. Bh2 Nf6 25. Raf1 Rf8 26. Bg3 Bxg3 27. Rxg3
Nd7 28. Rgf3 Rxf3 29. Rxf3 d4 0-1

[Event "Championnat de France des Jeunes - Benja"]
[Site "TROYES"]
[Date "2010.04.15"]
[Round "6.5"]
[White "Grundman, Anatole"]
[Black "Bach, Anatole"]
[Result "0-1"]
[WhiteElo "1742"]
[BlackElo "1842"]
[PlyCount "96"]

1. d4 Nf6 2. c4 e6 3. Nf3 Bb4+ 4. Bd2 Qe7 5. a3 Bxd2+ 6. Nbxd2 d6 7. e4 e5 8.
d5 O-O 9. Bd3 a5 10. Bc2 Na6 11. O-O Bg4 12. Rb1 Nh5 13. Qe1 Nf4 14. Qe3 b6 15.
Rfe1 Qf6 16. Kh1 Qg6 17. Nh4 Qh5 18. g3 Ng6 19. f3 Bd7 20. Nf5 Rfb8 21. b4 axb4
22. axb4 Nf8 23. g4 Qh3 24. Rg1 Bxf5 25. gxf5 Qh4 26. Rg4 Qf6 27. Rbg1 g6 28.
Qc3 Rb7 29. Nf1 Nd7 30. Ng3 Kh8 31. Qd2 Rba7 32. Bd1 Rf8 33. h4 Qe7 34. h5 Nf6
35. Qg5 c5 36. hxg6 fxg6 37. fxg6 Nxg4 38. Qxg4 Rf4 39. Qc8+ Qf8 40. g7+ Rxg7
41. Qxa6 Rh4+ 42. Kg2 Rxg3+ 43. Kxg3 Qf4+ 44. Kg2 Qd2+ 45. Kf1 Qxd1+ 46. Kf2
Rh2+ 47. Ke3 Qxg1+ 48. Kd3 Qd4# 0-1

[Event "Championnat de France des Jeunes - Benja"]
[Site "TROYES"]
[Date "2010.04.15"]
[Round "6.6"]
[White "Viennot, Dylan"]
[Black "Bourgeois, Florian"]
[Result "1-0"]
[WhiteElo "2017"]
[BlackElo "1805"]
[PlyCount "74"]

1. e4 e6 2. d4 d5 3. Nd2 Nf6 4. e5 Nfd7 5. Bd3 c5 6. c3 Nc6 7. Ne2 Qb6 8. Nf3
cxd4 9. cxd4 Be7 10. O-O f6 11. exf6 Nxf6 12. b3 Bd7 13. Bb2 O-O-O 14. Rc1 Kb8
15. a3 Rdg8 16. b4 Bd6 17. b5 Ne7 18. a4 g5 19. Qb3 g4 20. Ne5 Bxe5 21. dxe5
Ne4 22. Bd4 Qa5 23. Rfd1 Rc8 24. Nc3 Nc5 25. Bxc5 Rxc5 26. Qa3 Qc7 27. Nxd5
Nxd5 28. Rxc5 Qxe5 29. Qa1 Qxa1 30. Rxa1 h5 31. Rd1 b6 32. Rcc1 Nf4 33. Bf1 Bc8
34. Rc4 e5 35. Re1 Rg8 36. g3 Ng6 37. Bd3 Bb7 1-0

[Event "Championnat de France des Jeunes - Benja"]
[Site "TROYES"]
[Date "2010.04.15"]
[Round "6.7"]
[White "Gelas, Christophe"]
[Black "Bapst, Valentin"]
[Result "0-1"]
[WhiteElo "2000"]
[BlackElo "1828"]
[PlyCount "74"]

1. d4 Nf6 2. c4 g6 3. Nc3 d5 4. cxd5 Nxd5 5. e4 Nxc3 6. bxc3 Bg7 7. Bc4 c5 8.
Ne2 O-O 9. O-O Nc6 10. Be3 Qc7 11. Rc1 Rd8 12. Qa4 Bd7 13. Qa3 b6 14. dxc5 e6
15. f4 Bf8 16. f5 Ne5 17. Bb3 Ng4 18. Bf4 Bxc5+ 19. Kh1 Qxf4 20. Nxf4 Bxa3 21.
fxe6 Bxc1 22. Rxc1 Be8 23. Nd5 Nf2+ 24. Kg1 Nxe4 25. Nc7 fxe6 26. Nxa8 Rxa8 27.
Bxe6+ Bf7 28. Bxf7+ Kxf7 29. Rd1 Nxc3 30. Rd7+ Kg8 31. a3 Nb5 32. a4 Nc3 33.
Kf2 Nxa4 34. Ke3 Nc5 35. Rc7 a5 36. Rc6 a4 37. Rxb6 a3 0-1

[Event "Championnat de France des Jeunes - Benja"]
[Site "TROYES"]
[Date "2010.04.15"]
[Round "6.8"]
[White "Pruvot, Louis"]
[Black "Bernard, Alien"]
[Result "1-0"]
[WhiteElo "1881"]
[BlackElo "1802"]
[PlyCount "59"]

1. d4 d5 2. c4 c6 3. Nf3 Nf6 4. e3 a6 5. Nc3 e6 6. b3 Nbd7 7. Bd3 b5 8. O-O g6
9. Re1 Bg7 10. e4 b4 11. Na4 dxe4 12. Bxe4 Nxe4 13. Rxe4 O-O 14. Bb2 Bb7 15.
Re2 Qc7 16. Nc5 Nxc5 17. dxc5 Rad8 18. Qc2 Qe7 19. Bxg7 Kxg7 20. Qb2+ Kg8 21.
Qe5 Rd7 22. h3 Rfd8 23. Ng5 Bc8 24. Ne4 Rd1+ 25. Rxd1 Rxd1+ 26. Kh2 h5 27. Nf6+
Kf8 28. Nd5 f6 29. Nxe7 fxe5 30. Nxc8 1-0

[Event "Championnat de France des Jeunes - Benja"]
[Site "TROYES"]
[Date "2010.04.15"]
[Round "6.9"]
[White "Cogan, Nicolas"]
[Black "Gautier, Clement"]
[Result "1/2-1/2"]
[WhiteElo "1680"]
[BlackElo "1875"]
[PlyCount "55"]

1. d4 Nf6 2. c4 e5 3. dxe5 Ne4 4. Nf3 Nc6 5. g3 Bb4+ 6. Bd2 Nxd2 7. Nbxd2 Bxd2+
8. Qxd2 Qe7 9. Bg2 Nxe5 10. O-O O-O 11. Nxe5 Qxe5 12. e3 d6 13. Qd4 Qxd4 14.
exd4 Be6 15. b3 c6 16. Rfe1 Rfe8 17. Re3 Bd7 18. Rae1 Kf8 19. Kf1 Rxe3 20. Rxe3
Re8 21. Rxe8+ Kxe8 22. Be4 f5 23. Bd3 Kf7 24. f4 Kf6 25. Kf2 h6 26. h4 g5 27.
Ke3 g4 28. Kd2 1/2-1/2

[Event "Championnat de France des Jeunes - Benja"]
[Site "TROYES"]
[Date "2010.04.15"]
[Round "6.10"]
[White "Eid, Amine"]
[Black "Bavouzet, Maxime"]
[Result "1-0"]
[WhiteElo "1851"]
[BlackElo "1470"]
[PlyCount "101"]

1. e4 e6 2. d4 d5 3. e5 c5 4. c3 Nc6 5. Nf3 Qb6 6. a3 cxd4 7. cxd4 Bd7 8. b4 f6
9. Bb2 fxe5 10. dxe5 Nge7 11. Bd3 g6 12. O-O Bg7 13. Re1 O-O 14. Nc3 Qd8 15.
Qd2 a6 16. Na4 Nxe5 17. Bxe5 Bxe5 18. Rxe5 Bxa4 19. Rxe6 Qd7 20. Rae1 Rae8 21.
Qg5 Nc6 22. Bxg6 Rxe6 23. Rxe6 Qg7 24. Qxd5 Kh8 25. Bd3 Bb5 26. Bxb5 axb5 27.
h3 Qa1+ 28. Kh2 Qxa3 29. Re4 Qb2 30. Qc5 Rd8 31. Ne5 Nxe5 32. Qxe5+ Qxe5+ 33.
Rxe5 Rf8 34. f3 Rf7 35. Rxb5 Kg7 36. Rb6 Rc7 37. g4 h6 38. Kg3 Rd7 39. Kh4 Rc7
40. f4 Rd7 41. Kh5 Rf7 42. f5 Rc7 43. Rxh6 Rc3 44. h4 Rc7 45. f6+ Kg8 46. Kg6
Rc6 47. Rh5 b6 48. Re5 Kf8 49. h5 Rc8 50. h6 Kg8 51. f7+ 1-0

[Event "Championnat de France des Jeunes - Benjamines"]
[Site "TROYES"]
[Date ""]
[Round "6.1"]
[White "Fischer, Julie"]
[Black "Navrotescu, Andreea-Cristiana"]
[Result "1-0"]
[WhiteElo "1721"]
[BlackElo "1930"]
[Annotator ""]

1. e4 c5 2. Nf3 e6 3. d4 cxd4 4. Nxd4 Nc6 5. Nb5 Nf6 6. Bf4 e5 7. Bg5 d6 8.
Bxf6 gxf6 9. Bc4 a6 10. Qh5 Qa5+ 11. N1c3 Nd8 12. b4 Qxb4 13. Bxf7+ Nxf7 14.
Nc7+ Kd8 15. N7d5 Qxc3+ 16. Nxc3 Be6 17. Qf3 Be7 18. O-O-O Rc8 19. Kb2 Rc6 20.
Nd5 Ng5 21. Qd3 Rg8 22. f3 Kd7 23. Qe3 Bxd5 24. exd5 Rc5 25. Qd3 Rgc8 26. Rc1
1-0

[Event "Championnat de France des Jeunes - Benja"]
[Site "TROYES"]
[Date "2010.04.15"]
[Round "6.2"]
[White "Bellaiche, Elise"]
[Black "Vignette, Jeanne"]
[Result "0-1"]
[WhiteElo "1833"]
[BlackElo "1568"]
[PlyCount "98"]
[EventDate "2010.??.??"]

1. e4 e5 2. Nf3 Nc6 3. Bc4 Nf6 4. d3 Bc5 5. c3 O-O 6. Bb3 h6 7. h3 d6 8. Nbd2
Be6 9. Bc2 Bb6 10. Nf1 Re8 11. Ne3 Ne7 12. Nh4 c6 13. g4 d5 14. Qe2 Bc7 15.
Neg2 Ng6 16. Nxg6 fxg6 17. g5 hxg5 18. Bxg5 Qd7 19. Bxf6 gxf6 20. O-O-O Kf7 21.
h4 Bg4 22. f3 Bh5 23. Ne3 Ke7 24. exd5 cxd5 25. Bb3 d4 26. Nd5+ Kd8 27. Nxf6
Qc6 28. Nxh5 gxh5 29. c4 a5 30. a3 b5 31. Qc2 a4 32. cxb5 Qh6+ 33. Kb1 axb3 34.
Qxb3 Qe6 35. Qc2 Qd5 36. Rhg1 Qxb5 37. Rc1 Bd6 38. Rg6 Kd7 39. Rg7+ Re7 40.
Rxe7+ Kxe7 41. Qd2 Kd7 42. Qg2 Qxd3+ 43. Rc2 Ke6 44. f4 Rf8 45. fxe5 Qf1+ 46.
Qxf1 Rxf1+ 47. Ka2 Kxe5 48. b4 d3 49. Rd2 Ke4 0-1

[Event "Championnat de France des Jeunes - Benja"]
[Site "TROYES"]
[Date "2010.04.15"]
[Round "6.3"]
[White "Dieuleveut, Floriane"]
[Black "Bekhouche, Marion"]
[Result "1-0"]
[WhiteElo "1613"]
[BlackElo "1707"]
[PlyCount "39"]

1. e4 e6 2. d4 d5 3. e5 c5 4. c3 Qb6 5. Nf3 Nc6 6. Bd3 cxd4 7. cxd4 Bd7 8. O-O
Nxd4 9. Nxd4 Qxd4 10. Nc3 a6 11. Qf3 Qxe5 12. Bf4 Qf6 13. Rfe1 Be7 14. Qg3 Kf8
15. Rad1 Nh6 16. Nxd5 exd5 17. Rxe7 Bg4 18. Bd6 Kg8 19. Rde1 Be6 20. Be5 1-0

[Event "Championnat de France des Jeunes - Benja"]
[Site "TROYES"]
[Date "2010.04.15"]
[Round "6.4"]
[White "Nolot, Clementine"]
[Black "Bertrand, Meryl"]
[Result "0-1"]
[WhiteElo "1672"]
[BlackElo "1632"]
[PlyCount "66"]

1. e4 e5 2. Nf3 Nc6 3. Bb5 Nf6 4. O-O d6 5. Re1 Be7 6. c3 O-O 7. h3 Bd7 8. d4
Nxd4 9. Nxd4 exd4 10. Bxd7 Nxd7 11. cxd4 Re8 12. Nc3 Nb6 13. Re3 d5 14. e5 c5
15. Rg3 Rc8 16. Bh6 g6 17. Rc1 cxd4 18. Qxd4 Rc4 19. Qd3 Bh4 20. Rf3 Rxe5 21.
Rd1 Rc8 22. Bf4 Re8 23. Nxd5 Nxd5 24. Qxd5 Re1+ 25. Kh2 Rxd1 26. Qxb7 Rd7 27.
Qb3 Bf6 28. g4 Rc5 29. Be3 Rc6 30. Qa4 Be5+ 31. Kg2 Rcc7 32. Qb5 Bg7 33. b3 h6
0-1

[Event "Championnat de France des Jeunes - Benja"]
[Site "TROYES"]
[Date "2010.04.15"]
[Round "6.5"]
[White "Sriskantharajah, Niruja"]
[Black "Likhoded, Victoria"]
[Result "1-0"]
[WhiteElo "1581"]
[BlackElo "1677"]
[PlyCount "85"]

1. e4 d6 2. d4 Nf6 3. Nc3 g6 4. f4 Bg7 5. Nf3 c6 6. Bd3 e6 7. O-O O-O 8. Bd2 b5
9. Rb1 a6 10. Ne2 d5 11. e5 Nfd7 12. Bb4 Re8 13. Qe1 a5 14. Bd6 Bb7 15. Qg3 Nb6
16. Bxb8 Rxb8 17. Qh3 Rc8 18. g4 f5 19. Kh1 fxg4 20. Qxg4 Qe7 21. Rg1 Rc7 22.
h4 Bf8 23. h5 Qg7 24. hxg6 hxg6 25. Qxg6 Qxg6 26. Rxg6+ Bg7 27. Kg2 Bc8 28. Rg1
Ree7 29. Kf2 Kf8 30. Ng3 Bd7 31. Nh5 Be8 32. R6g5 Bxh5 33. Rxh5 Nd7 34. Nh4 Ke8
35. f5 exf5 36. Nxf5 Rf7 37. Ke2 Bf8 38. e6 Rxf5 39. Rxf5 Nb8 40. Rg8 Na6 41.
Rgxf8+ Ke7 42. R8f7+ Kxe6 43. R5f6# 1-0

[Event "Championnat de France des Jeunes - Benja"]
[Site "TROYES"]
[Date "2010.04.15"]
[Round "6.6"]
[White "Floc'H, Jasmine"]
[Black "Abidi, Hasma"]
[Result "0-1"]
[WhiteElo "1462"]
[BlackElo "1740"]
[PlyCount "80"]

1. Nf3 d5 2. d4 e6 3. c4 c6 4. Nc3 Nd7 5. Bf4 f5 6. e3 a6 7. a3 Ngf6 8. Rc1 h6
9. b4 g5 10. Bg3 Ne4 11. Nxe4 fxe4 12. Nd2 Nf6 13. f3 exf3 14. Qxf3 Bg7 15.
cxd5 exd5 16. Bd3 O-O 17. O-O Bg4 18. Qf2 Qe7 19. Qe1 Rae8 20. Bg6 Qxe3+ 21.
Bf2 Qxe1 22. Rcxe1 Rxe1 23. Rxe1 Bh5 24. Bd3 Ng4 25. Bg3 Bxd4+ 26. Kh1 Bc3 27.
Re2 Ne5 28. Rxe5 Bxe5 29. Bxe5 Re8 30. Bg3 Re3 31. Bf5 Rxa3 32. Kg1 Ra2 33. Nf3
Bxf3 34. gxf3 Rb2 35. Bd6 Kf7 36. Bc8 d4 37. Be5 d3 38. Bg4 d2 39. f4 Rb1+ 40.
Kf2 d1=Q 0-1

[Event "Championnat de France des Jeunes - Benja"]
[Site "TROYES"]
[Date "2010.04.15"]
[Round "6.7"]
[White "Nourani, Maral"]
[Black "Kambrath, Linda"]
[Result "1/2-1/2"]
[WhiteElo "1690"]
[BlackElo "1587"]
[PlyCount "120"]

1. e4 e5 2. Nf3 Nc6 3. d4 exd4 4. c3 d5 5. Bb5 a6 6. Bxc6+ bxc6 7. Qxd4 Be6 8.
Ng5 c5 9. Nxe6 fxe6 10. Qe5 Qd7 11. exd5 Qxd5 12. Qxd5 exd5 13. O-O O-O-O 14.
Bg5 Re8 15. Nd2 h6 16. Be3 Nf6 17. Rfe1 Bd6 18. h3 Ne4 19. Nf3 g5 20. Nh2 Bxh2+
21. Kxh2 c4 22. f3 Nd6 23. Bd4 Rhg8 24. Re5 Rxe5 25. Bxe5 Re8 26. Re1 Nf7 27.
Bg3 Rxe1 28. Bxe1 Ne5 29. Bd2 c5 30. Be3 Nd3 31. Kg3 Kd7 32. Kg4 Kd6 33. Kh5
Nf4+ 34. Kxh6 Nxg2 35. Bxg5 Ke5 36. h4 d4 37. cxd4+ cxd4 38. h5 Nf4 39. Bxf4+
Kxf4 40. Kg6 d3 41. h6 d2 42. h7 d1=Q 43. h8=Q Qd3+ 44. Kh6 Qd6+ 45. Kh7 Qe7+
46. Qg7 Qxg7+ 47. Kxg7 Kxf3 48. Kf6 Ke4 49. Ke6 Kd4 50. Kd6 a5 51. a4 c3 52.
bxc3+ Kc4 53. Kc6 Kxc3 54. Kb5 Kd4 55. Kxa5 Kc5 56. Ka6 Kc6 57. Ka7 Kc7 58. a5
Kc8 59. Ka8 Kc7 60. a6 Kc8 1/2-1/2

[Event "Championnat de France des Jeunes - Benja"]
[Site "TROYES"]
[Date "2010.04.15"]
[Round "6.8"]
[White "Dol, Cecile"]
[Black "Savalle, Mathilde"]
[Result "1-0"]
[WhiteElo "1610"]
[BlackElo "1580"]
[PlyCount "69"]

1. e4 c5 2. Nf3 Nc6 3. c3 Nf6 4. e5 Nd5 5. d4 cxd4 6. cxd4 d6 7. Bc4 Nb6 8. Bb3
Bg4 9. Be3 e6 10. Nc3 d5 11. O-O Be7 12. h3 Bf5 13. a3 O-O 14. Qe2 Na5 15. Ba2
Nac4 16. Bb1 Nxe3 17. fxe3 Bxb1 18. Raxb1 Nc4 19. Nd2 Nxd2 20. Qxd2 Rc8 21.
Rbc1 a6 22. Rc2 f6 23. exf6 Bxf6 24. Qe2 b5 25. Qg4 Qe7 26. Nxd5 exd5 27. Rxc8
Qxe3+ 28. Kh1 Rxc8 29. Qxc8+ Kf7 30. Qd7+ Kg6 31. Qxd5 Qxd4 32. Qxd4 Bxd4 33.
b4 Bb2 34. Rf3 Kg5 35. Kg1 1-0

[Event "Championnat de France des Jeunes - Benja"]
[Site "TROYES"]
[Date "2010.04.15"]
[Round "6.10"]
[White "Guillemot, Agathe"]
[Black "Canterel, Cecile"]
[Result "0-1"]
[WhiteElo "1510"]
[BlackElo "1840"]
[PlyCount "65"]

1. e4 c5 2. Nf3 e6 3. d4 cxd4 4. Nxd4 a6 5. g3 Nc6 6. Bg2 Nge7 7. O-O Ng6 8.
Nc3 Be7 9. a3 O-O 10. b4 Qc7 11. Bb2 Nxd4 12. Qxd4 Bf6 13. Qd2 Ne5 14. Qc1 Nc4
15. Nd1 Nxb2 16. Nxb2 Rb8 17. Rb1 b5 18. Nd3 Be7 19. Qd2 d6 20. Rfc1 Bb7 21.
Kh1 Rfd8 22. Re1 Bf6 23. Qe3 Rbc8 24. Rbc1 Qc3 25. e5 Bxg2+ 26. Kxg2 dxe5 27.
Nxe5 Qxe3 28. Rxe3 Rd2 29. c4 Ra2 30. Nd7 Bg5 31. Ree1 Bxc1 32. Rxc1 Rxc4 33.
Rd1 0-1

[Event "Championnat de France des Jeunes - Pupilles"]
[Site "LE GRAND BORNAND"]
[Date ""]
[Round "6.1"]
[White "Duval, Thomas"]
[Black "Bellahcene, Bilel"]
[Result "0-1"]
[WhiteElo "1810"]
[BlackElo "2072"]
[Annotator ""]

1. e4 c5 2. Nc3 Nc6 3. d3 g6 4. Be3 d6 5. g3 Bg7 6. Bg2 Nf6 7. h3 O-O 8. Qd2
Rb8 9. Bh6 Bxh6 10. Qxh6 Nd4 11. Qd2 b5 12. Nge2 b4 13. Nd1 Be6 14. O-O Qc8 15.
Nxd4 cxd4 16. f4 Bxh3 17. Nf2 Bxg2 18. Kxg2 Rb5 19. Rh1 a5 20. Rh4 Rc5 21. Rc1
Qc6 22. Rhh1 Rc8 23. Kf3 Rxc2 24. Rxc2 Qxc2 25. Qxc2 Rxc2 26. Rb1 e5 27. a3 b3
28. a4 Nd7 29. fxe5 Nxe5+ 0-1

[Event "Championnat de France des Jeunes - Pupil"]
[Site "LE GRAND BORNAND"]
[Date "2010.04.15"]
[Round "6.2"]
[White "Msellek, Ilyass"]
[Black "Haussernot, Cecile"]
[Result "1-0"]
[WhiteElo "1970"]
[BlackElo "1949"]
[PlyCount "83"]

1. d4 Nf6 2. Nf3 g6 3. Nc3 d5 4. Bf4 Bg7 5. Qd2 Ne4 6. Nxe4 dxe4 7. Ne5 O-O 8.
O-O-O Nd7 9. Nxd7 Bxd7 10. Bh6 Bf5 11. Bxg7 Kxg7 12. h4 h5 13. f3 Qd5 14. Kb1
Be6 15. b3 Bf5 16. e3 a5 17. Bc4 Qd7 18. d5 a4 19. g4 b5 20. Bf1 hxg4 21. fxe4
axb3 22. axb3 Ra6 23. exf5 Rfa8 24. Qc3+ f6 25. fxg6 Ra1+ 26. Qxa1 Rxa1+ 27.
Kxa1 Kxg6 28. Bd3+ Kh6 29. e4 c6 30. dxc6 Qxc6 31. Rdg1 Qe6 32. Rg2 b4 33. Rhg1
Qe5+ 34. Kb1 Kh7 35. Rxg4 Kh8 36. h5 Kh7 37. Rg7+ Kh8 38. h6 e6 39. h7 Qd4 40.
Rg8+ Kxh7 41. R8g2 Qe5 42. Rh1+ 1-0

[Event "Championnat de France des Jeunes - Pupil"]
[Site "LE GRAND BORNAND"]
[Date "2010.04.15"]
[Round "6.3"]
[White "Grezels, Florian"]
[Black "Delpierre, Elie"]
[Result "1/2-1/2"]
[WhiteElo "1874"]
[BlackElo "1685"]
[PlyCount "80"]

1. e4 e6 2. d4 d5 3. Nc3 Nf6 4. Bg5 Be7 5. e5 Nfd7 6. Bxe7 Qxe7 7. f4 a6 8. Nf3
c5 9. Qd2 Nc6 10. dxc5 Qxc5 11. O-O-O b5 12. Bd3 Nb6 13. g4 Nc4 14. Bxc4 bxc4
15. f5 Rb8 16. Rhe1 Qb4 17. b3 Qa3+ 18. Kb1 Na5 19. Nd4 cxb3 20. cxb3 Nc4 21.
Qc1 Bd7 22. Qxa3 Nxa3+ 23. Kb2 Nc4+ 24. Ka1 Na3 25. Rc1 O-O 26. Nce2 Nb5 27.
Nxb5 Bxb5 28. Nd4 exf5 29. gxf5 Bd3 30. e6 fxe6 31. fxe6 Be4 32. Rc6 Rb4 33.
Rd1 Ra8 34. Rd6 Rbb8 35. e7 Re8 36. Nc6 d4 37. R1xd4 Bxc6 38. Rxc6 Rxe7 39. Rd2
a5 40. Rf2 h6 1/2-1/2

[Event "Championnat de France des Jeunes - Pupil"]
[Site "LE GRAND BORNAND"]
[Date "2010.04.15"]
[Round "6.5"]
[White "Devoille, Hugo"]
[Black "Alinc, Dimitri"]
[Result "1/2-1/2"]
[WhiteElo "1704"]
[BlackElo "1772"]
[PlyCount "44"]

1. e4 c5 2. Nf3 Nc6 3. Bb5 e6 4. O-O Nge7 5. c3 a6 6. Ba4 b5 7. Bc2 d5 8. d4
cxd4 9. Nxd4 Bb7 10. Nxc6 Bxc6 11. Nd2 Ng6 12. exd5 Bxd5 13. Be4 Bc5 14. Bxd5
Qxd5 15. Nb3 Qxd1 16. Rxd1 Bb6 17. a4 Ke7 18. Nd4 Bxd4 19. Rxd4 Rhd8 20. Be3
Ne5 21. Kf1 Nc4 22. b3 Nxe3+ 1/2-1/2

[Event "Championnat de France des Jeunes - Pupil"]
[Site "LE GRAND BORNAND"]
[Date "2010.04.15"]
[Round "6.6"]
[White "Venou, Randjit"]
[Black "Ek, Alexandre"]
[Result "0-1"]
[WhiteElo "1950"]
[BlackElo "1833"]
[PlyCount "124"]

1. e4 c5 2. Nf3 Nc6 3. d4 cxd4 4. Nxd4 g6 5. Nc3 Bg7 6. Be3 Nf6 7. Nb3 O-O 8.
Be2 d6 9. f4 e5 10. O-O exf4 11. Bxf4 Ne5 12. Qd2 Qb6+ 13. Be3 Qd8 14. h3 Be6
15. Rad1 Bc4 16. Qxd6 Qxd6 17. Rxd6 Bxe2 18. Nxe2 Nc4 19. Rd3 Nxb2 20. Rc3 Nxe4
21. Rc7 Rae8 22. Bd4 Bxd4+ 23. Nexd4 h5 24. Nf3 b6 25. Nbd2 Nxd2 26. Nxd2 Rc8
27. Rfxf7 Rxf7 28. Rxc8+ Kg7 29. Nf3 Nd1 30. Kf1 Re7 31. Rc6 Ne3+ 32. Kf2 Nd5
33. Nh4 Rf7+ 34. Ke2 Rf6 35. Rxf6 Kxf6 36. a3 Nc3+ 37. Kd3 Nd5 38. g3 a6 39.
Kd4 Ne7 40. Ke4 Nf5 41. Nxf5 gxf5+ 42. Kd5 b5 43. c3 Kg5 44. Kc6 h4 45. gxh4+
Kxh4 46. Kd5 Kxh3 47. Ke5 Kg4 48. Kd5 f4 49. Kc5 f3 50. Kb6 f2 51. Kxa6 f1=Q
52. Ka5 Qc4 53. Kb6 Qxc3 54. Kxb5 Qxa3 55. Kc4 Kf4 56. Kd4 Qe3+ 57. Kc4 Ke4 58.
Kb4 Qc1 59. Kb3 Kd4 60. Kb4 Qb2+ 61. Ka4 Kc4 62. Ka5 Qb5# 0-1

[Event "Championnat de France des Jeunes - Pupil"]
[Site "LE GRAND BORNAND"]
[Date "2010.04.15"]
[Round "6.7"]
[White "Bouvet, Florian"]
[Black "Rambaldi, Francesco"]
[Result "1/2-1/2"]
[WhiteElo "1665"]
[BlackElo "1952"]
[PlyCount "62"]

1. e4 c5 2. Nc3 a6 3. g3 b5 4. Bg2 Bb7 5. d3 e6 6. Be3 Nf6 7. f4 Be7 8. Nf3 d5
9. e5 d4 10. Bxd4 cxd4 11. exf6 Bb4 12. fxg7 Rg8 13. a3 Ba5 14. b4 dxc3 15.
bxa5 Nd7 16. O-O Qxa5 17. Qe2 Qb6+ 18. Kh1 Rxg7 19. f5 Kf8 20. Ne5 Nxe5 21.
Qxe5 Bxg2+ 22. Kxg2 Qc6+ 23. Kh3 exf5 24. Rxf5 Kg8 25. Raf1 Rc8 26. Rf6 Qd7+
27. Qf5 Qe8 28. Rxa6 Rc6 29. Rxc6 Qxc6 30. Qf6 Qd7+ 31. Kg2 Rg6 1/2-1/2

[Event "Championnat de France des Jeunes - Pupil"]
[Site "LE GRAND BORNAND"]
[Date "2010.04.15"]
[Round "6.8"]
[White "Marie, Florian"]
[Black "Rodriguez, Adrien"]
[Result "0-1"]
[WhiteElo "1651"]
[BlackElo "1797"]
[PlyCount "148"]

1. d4 Nf6 2. c4 c5 3. d5 b5 4. cxb5 a6 5. Nc3 axb5 6. e4 b4 7. Nb5 d6 8. Bd3 g6
9. a4 Bg7 10. Ra2 O-O 11. Ne2 Ba6 12. f3 Qb6 13. Be3 Nbd7 14. b3 Ne5 15. Bc4
Qa5 16. Bd2 Rfb8 17. Nc1 Nxc4 18. bxc4 Nd7 19. Qb3 Qd8 20. O-O Ne5 21. f4 Ng4
22. Qf3 Bxb5 23. cxb5 Nf6 24. Qd3 Qb6 25. Qc4 Nd7 26. g4 Bd4+ 27. Kg2 Nf6 28.
Kf3 Qb7 29. Nb3 Qd7 30. f5 h5 31. h3 hxg4+ 32. hxg4 Be5 33. Bf4 Bxf4 34. Kxf4
Kg7 35. Rh1 Rxb5 36. Nd2 b3 37. axb5 bxa2 38. Ra1 Qb7 39. Rxa2 Rxa2 40. Qxa2
Qxb5 41. Qc4 Qxc4 42. Nxc4 gxf5 43. gxf5 Nd7 44. Ne3 Ne5 45. Kg5 c4 46. Kh4 Kf6
47. Kg3 c3 48. Nc2 Nd3 49. Kf3 Ke5 50. Ke3 Nc5 51. Ne1 Nxe4 52. Nd3+ Kxf5 53.
Kd4 c2 54. Ke3 Nc3 55. Kd2 Nxd5 56. Kxc2 e5 57. Kd2 Nf4 58. Nf2 d5 59. Ke3 Ke6
60. Ng4 f5 61. Nh6 Ng6 62. Kd3 f4 63. Ke2 e4 64. Ng4 d4 65. Nf2 f3+ 66. Ke1 Kf5
67. Kf1 e3 68. Nd3 Ne5 69. Ne1 d3 70. Kg1 f2+ 71. Kg2 fxe1=Q 72. Kh2 Nf3+ 73.
Kh3 Qh1+ 74. Kg3 Qh2+ 0-1

[Event "Championnat de France des Jeunes - Pupil"]
[Site "LE GRAND BORNAND"]
[Date "2010.04.15"]
[Round "6.9"]
[White "Boudia, Samy"]
[Black "Kern, Nicolas"]
[Result "1/2-1/2"]
[WhiteElo "1633"]
[BlackElo "1759"]
[PlyCount "114"]

1. d4 d5 2. Nf3 c6 3. c4 e6 4. Nc3 Nf6 5. Bg5 Be7 6. e3 O-O 7. Bd3 Nbd7 8. O-O
h6 9. Bh4 dxc4 10. Bxc4 b5 11. Bd3 a6 12. a3 Bb7 13. Qe2 c5 14. Rad1 Qb6 15.
Bb1 Rfe8 16. Bg3 Qc6 17. Qc2 cxd4 18. exd4 Rac8 19. Kh1 Bxa3 20. Rc1 Bd6 21.
Qd3 Bxg3 22. hxg3 Red8 23. Rg1 Nc5 24. Qe3 Ncd7 25. Ne5 Qb6 26. Nf3 Nd5 27. Qd3
N7f6 28. Ne5 Nb4 29. Qe2 Rxd4 30. Rgd1 Rxd1+ 31. Rxd1 Nbd5 32. Ne4 Nxe4 33.
Qxe4 Nf6 34. Qd3 Bd5 35. Nd7 Qxf2 36. Nxf6+ gxf6 37. Qh7+ Kf8 38. Rxd5 Rc1+ 39.
Kh2 exd5 40. Qxh6+ Ke7 41. Qxc1 Qb6 42. Qd2 Qe6 43. Ba2 Kd6 44. Qb4+ Kd7 45.
Qc5 Qd6 46. Qa7+ Ke6 47. Qa8 Ke5 48. Qa7 f5 49. Qe3+ Kf6 50. Qh6+ Ke7 51. Qg5+
Ke6 52. Qh6+ Ke7 53. Qe3+ Kf6 54. Qd4+ Ke6 55. Qh8 Ke7 56. Qh7 Ke6 57. Bb1 Qe5
1/2-1/2

[Event "Championnat de France des Jeunes - Pupil"]
[Site "LE GRAND BORNAND"]
[Date "2010.04.15"]
[Round "6.10"]
[White "Pigeat, Alexandre"]
[Black "Veys, Vincent"]
[Result "0-1"]
[WhiteElo "1714"]
[BlackElo "1643"]
[PlyCount "58"]

1. e4 e5 2. Nf3 Nc6 3. Bb5 a6 4. Ba4 Nf6 5. O-O b5 6. Bb3 Bc5 7. c3 d6 8. d4
exd4 9. cxd4 Bb6 10. h3 O-O 11. Bg5 h6 12. Bf4 Re8 13. e5 dxe5 14. dxe5 Qxd1
15. Rxd1 Nd7 16. Bd5 Ndb8 17. Nc3 Ra7 18. a4 bxa4 19. Nxa4 Ne7 20. Nxb6 cxb6
21. Be4 Bb7 22. Rd7 Nxd7 23. Bxb7 Rxb7 24. Rxa6 Nc5 25. Ra3 Ne6 26. Bg3 Nf5 27.
Bh2 Nfd4 28. Nd2 Rd8 29. Ne4 Nc2 0-1

[Event "Championnat de France des Jeunes - Pupillettes"]
[Site "CHAMPIONNAT DE FRANCE PUPILLETTES"]
[Date ""]
[Round "6.1"]
[White "Duval, Claire"]
[Black "Joudelat, Noemie"]
[Result "1/2-1/2"]
[WhiteElo "1750"]
[BlackElo "1763"]
[Annotator ""]

1. d4 Nf6 2. c4 g6 3. Nf3 Bg7 4. Nc3 d5 5. Bf4 c6 6. e3 dxc4 7. Bxc4 b5 8. Bd3
Bb7 9. Qb3 Nbd7 10. h3 a6 11. a4 Nb6 12. Rc1 Rc8 13. axb5 cxb5 14. O-O O-O 15.
Rfd1 Qd7 16. Ne5 Qd8 17. Ne2 Qd5 18. Qxd5 Nfxd5 19. Bh2 Nb4 20. Bb1 f6 21. Nd3
Nxd3 22. Bxd3 f5 23. Nf4 Bd5 24. Bf1 1/2-1/2

[Event "Championnat de France des Jeunes - Pupil"]
[Site "TROYES"]
[Date "2010.04.15"]
[Round "6.2"]
[White "Malassagne, Isabelle"]
[Black "Baldi, Valentine"]
[Result "1/2-1/2"]
[WhiteElo "1680"]
[BlackElo "1635"]
[PlyCount "43"]

1. c4 e5 2. Nc3 Nf6 3. g3 d5 4. cxd5 Nxd5 5. Bg2 Nb6 6. d3 Be7 7. Nf3 Nc6 8.
O-O O-O 9. a3 Re8 10. b4 Bf8 11. Bb2 Nd4 12. Nxd4 exd4 13. Nb5 c5 14. bxc5 Bxc5
15. Rc1 Re5 16. f4 Rh5 17. Bf3 Rf5 18. Be4 Rh5 19. Bf3 Rf5 20. Be4 Rh5 21. Bf3
Rf5 22. Be4 1/2-1/2